INGENIERIA ECONOMICA (Registro nro. 27157)
[ vista simple ]
| 000 -LEADER | |
|---|---|
| fixed length control field | 00430nam a2200169 a 4500 |
| 001 - CONTROL NUMBER | |
| control field | 27157 |
| 005 - DATE AND TIME OF LATEST TRANSACTION | |
| control field | 20180713225819.0 |
| 008 - FIXED-LENGTH DATA ELEMENTS--GENERAL INFORMATION | |
| fixed length control field | 140415s1992 000 0 spa d |
| 020 ## - INTERNATIONAL STANDARD BOOK NUMBER | |
| International Standard Book Number | 9701000765 |
| 041 ## - LANGUAGE CODE | |
| Language code of text/sound track or separate title | spa |
| 082 ## - DEWEY DECIMAL CLASSIFICATION NUMBER | |
| Classification number | 658.155 |
| Item number | BLA |
| 100 1# - MAIN ENTRY--PERSONAL NAME | |
| Personal name | T. BLANK, LELAND |
| 245 10 - TITLE STATEMENT | |
| Title | INGENIERIA ECONOMICA |
| 250 ## - EDITION STATEMENT | |
| Edition statement | 3ª EDICIÓN |
| 260 ## - PUBLICATION, DISTRIBUTION, ETC. | |
| Place of publication, distribution, etc. | [s.l.] : |
| Name of publisher, distributor, etc. | MC GRAW HILL, |
| Date of publication, distribution, etc. | 1992 |
| 300 ## - PHYSICAL DESCRIPTION | |
| Extent | 545 |
| Dimensions | 17 x 4 x 23 |
No hay ítems disponibles.